SM-liigan joukkueiden fanikatsomoiden nimet - Statistics

Yleistilastot
  • Tätä visaa on pelattu 74 kertaa
    63 viimeisimmän päivityksen jälkeen
  • Keskiarvotulos 4 / 16
Vastaustilastot
Joukkue Fanipäädyn nimi % Oikein
Ilves Osasto 41
64%
Tappara Sinioranssit
50%
Sport Red army
43%
KalPa Musta verkosto
41%
HPK Sikakatsomo
41%
KooKoo Kuudes kenttäpelaaja
33%
Lukko Raumam Boja
28%
Ässät Pataljoona
26%
JYP Hurrikaanisydän
22%
Kiekko-Espoo Kulma
21%
SaiPa Keltamustat
17%
Pelicans Lahen turkoosi
17%
HIFK HIFK Fan Club
10%
Jukurit SarvisClub
10%
TPS TPS-kannattajat
9%
Kärpät Kärpät Fan Club
7%
Ehtoja vastaavia visoja ei löytynyt
Tulosjakauma
Jokaisen tuloksen saaneiden osuus
Persentiili vastausten määrän mukaan
Tuloshistoriasi
Et ole pelannut tätä visaa sen viimeisimmän päivityksen jälkeen